| 000 | 00732nam a22001697a 4500 | ||
|---|---|---|---|
| 005 | 20251108175940.0 | ||
| 008 | 250721s2024 xx 000 0 ara d | ||
| 082 | 1 | 4 | _a956/قرن |
| 100 | 1 | _aقرني، عزت عبدالرحيم | |
| 245 | 1 | 0 | _aالعدالة و الحرية في فجر النهضة العربية الحديثة / |
| 264 | 1 |
_aالصفاة : _bالمجلس الوطني للثقافة و الفنون و الدآب، _c2024. |
|
| 300 | _a287ص. | ||
| 490 | 0 | _aسلسلة كتب ثقافية شهرية يصدرها المجلس الوطني للثقافة والفنون والاداب-الكويت -عالم المعرفة | |
| 650 | 1 | 7 | _aالحضارة العربية |
| 942 |
_2ddc _cBK |
||
| 999 |
_c146217 _d146217 |
||